[Event "TCh-GEO Club 2016"]
[Site "Lagodekhi GEO"]
[Date "2016.09.28"]
[Round "7.2"]
[Board "6"]
[White "Sidamonidze, Anastasia"]
[Black "Buksa, Nataliya"]
[Result "0-1"]
[BlackTitle "WGM"]
[WhiteElo "1652"]
[BlackElo "2249"]
[WhiteTeam "Racha-Lechkhumi - Ambrolauri"]
[BlackTeam "Kakheti"]
[WhiteFideId "13611194"]
[BlackFideId "14123622"]
[EventDate "2016.09.22"]

1. e4 c5 2. Nf3 a6 3. c3 d5 4. exd5 Qxd5 5. d4 Nf6 6. Be3 cxd4 7. cxd4 e6 8. Nc3
Qd8 9. Bd3 Be7 10. O-O Nc6 11. a3 O-O 12. Bc2 Re8 13. Qd3 g6 14. Rfd1 b5 15. Qe2
Bb7 16. Rac1 Rc8 17. Bb1 b4 18. d5 exd5 19. Nxd5 Nxd5 20. Ba2 Bf6 21. Bxd5 Nd4
22. Nxd4 Qxd5 23. Nf3 Rxc1 24. Rxc1 bxa3 25. bxa3 Qb3 26. Qd1 Qxa3 27. Rb1 Be4
28. Rb3 Qa4 29. Rb1 Bc2 30. Qc1 Bxb1 31. Qxb1 a5 32. h3 Qa1 33. Qxa1 Bxa1 34.
Bd2 a4 35. Bb4 Rb8 0-1

[Event "TCh-GEO Club 2016"]
[Site "Lagodekhi GEO"]
[Date "2016.09.28"]
[Round "7.3"]
[Board "2"]
[White "Sanikidze, Tornike"]
[Black "Khakhutashvili, Alexandre"]
[Result "1-0"]
[WhiteTitle "GM"]
[WhiteElo "2497"]
[BlackElo "1796"]
[WhiteTeam "Kvemo Kartli - Rustavi"]
[BlackTeam "Shida kartli - Gori"]
[WhiteFideId "13602608"]
[BlackFideId "13605313"]
[EventDate "2016.09.22"]

1. d4 Nf6 2. c4 e6 3. Nf3 Bb4+ 4. Nbd2 O-O 5. a3 Bxd2+ 6. Qxd2 b6 7. e3 Bb7 8.
Bd3 d6 9. Qc2 Nbd7 10. e4 e5 11. O-O exd4 12. Nxd4 Nc5 13. f3 Nxd3 14. Qxd3 h6
15. b3 Re8 16. Bb2 a5 17. Qc3 Re5 18. Qe1 Rc5 19. Rc1 Ba6 20. Qe2 d5 21. e5 Ne8
22. f4 a4 23. f5 axb3 24. f6 Rxc4 25. e6 Nxf6 26. exf7+ Kxf7 27. Rxf6+ Qxf6 28.
Rf1 Rc1 29. Qh5+ Kf8 30. Rxc1 c5 31. Qxd5 Re8 32. Nb5 Qxb2 33. Rf1+ 1-0

[Event "TCh-GEO Club 2016"]
[Site "Lagodekhi GEO"]
[Date "2016.09.28"]
[Round "7.3"]
[Board "3"]
[White "Licheli, Luka"]
[Black "Paichadze, Luka"]
[Result "0-1"]
[BlackTitle "GM"]
[WhiteElo "2042"]
[BlackElo "2559"]
[WhiteTeam "Shida kartli - Gori"]
[BlackTeam "Kvemo Kartli - Rustavi"]
[WhiteFideId "13602500"]
[BlackFideId "13602934"]
[EventDate "2016.09.22"]

1. e4 c6 2. Nc3 d5 3. Nf3 dxe4 4. Nxe4 Nf6 5. Qe2 Nxe4 6. Qxe4 Nd7 7. Bc4 Nf6 8.
Qe2 Bf5 9. O-O e6 10. d4 Qc7 11. Ne5 Bd6 12. Bf4 h6 13. Rfe1 O-O-O 14. a4 g5 15.
Be3 Nd5 16. Bxd5 exd5 17. Qf3 Be6 18. a5 a6 19. Bd2 Rhg8 20. Re3 g4 21. Qe2 Bf5
22. Rb3 Rde8 23. Qf1 Bxe5 24. dxe5 Qxe5 25. Qc1 h5 26. Bf4 Qe2 27. Re3 Rxe3 28.
Qxe3 Qxe3 29. fxe3 Bxc2 30. Bd6 Kd7 31. Bc5 Ke6 32. Rf1 Bd3 33. Rf4 g3 34. hxg3
Rxg3 35. Kf2 Rg6 36. g3 Be4 37. Bd4 Bc2 38. b4 Bd1 39. Bc5 Bg4 40. Bd4 f5 41.
Bb6 Rh6 42. Ke1 h4 43. gxh4 Rxh4 44. Bd4 Rh3 45. Kd2 Rh2+ 46. Kc3 Be2 47. Ba7
Bb5 48. Bc5 Kf6 49. Ba7 Ba4 50. Bb6 Bc2 51. Bd4+ Ke6 52. Bc5 Be4 53. Rf1 Rc2+
54. Kb3 Rd2 55. Bd4 Kf7 56. Bb6 Kf6 57. Rf4 Kg5 58. Bd8+ Kg6 59. Bb6 Kh5 60. Bc5
Rg2 61. Bd4 Rg4 62. Rf2 Kh4 63. Be5 Rg1 64. Kc3 Rd1 65. Rd2 Rc1+ 66. Kb2 Re1 67.
Bd4 Kg3 68. Bc5 Rh1 69. Bd6+ Kf3 70. Bc5 Rb1+ 71. Ka2 Rc1 72. Bb6 Re1 73. Rh2
Re2+ 74. Rxe2 Kxe2 75. Kb2 Kd2 76. Bc5 Bd3 77. Bb6 Bb5 78. Bc5 Kd3 79. Kc1 Ba4
80. Bb6 d4 81. exd4 f4 82. Bc7 f3 83. Bg3 Ke2 84. Kb2 f2 85. Bxf2 Kxf2 86. Kc3
Bb5 0-1

[Event "TCh-GEO Club 2016"]
[Site "Lagodekhi GEO"]
[Date "2016.09.28"]
[Round "7.3"]
[Board "4"]
[White "Khurtsidze, Nino"]
[Black "Kasoshvili, Tsiala"]
[Result "1-0"]
[WhiteTitle "IM"]
[BlackTitle "WIM"]
[WhiteElo "2398"]
[BlackElo "2106"]
[WhiteTeam "Kvemo Kartli - Rustavi"]
[BlackTeam "Shida kartli - Gori"]
[WhiteFideId "13600320"]
[BlackFideId "13600354"]
[EventDate "2016.09.22"]

1. d4 d5 2. c4 e6 3. Nf3 c6 4. Qc2 f5 5. Bf4 Nf6 6. e3 Be7 7. Nc3 O-O 8. h3 Ne4
9. Bd3 Na6 10. a3 Nc7 11. O-O Ne8 12. Ne2 N8d6 13. c5 Nf7 14. b4 Bd7 15. a4 b6
16. Ne5 Nxe5 17. Bxe5 a5 18. b5 Rc8 19. bxc6 Bxc6 20. Nf4 Qd7 21. cxb6 g5 22.
Ne2 Qb7 23. Bc7 Bd8 24. Bxd8 Rfxd8 25. Qb2 Rb8 26. Rfb1 Be8 27. f3 Nd6 28. Qd2
Ra8 29. h4 h6 30. Rb2 Rdc8 31. hxg5 hxg5 32. e4 f4 33. exd5 exd5 34. g3 Nc4 35.
Bxc4 dxc4 36. d5 Rd8 37. Nc3 Bf7 38. Rd1 Rd6 39. Qd4 fxg3 40. Ne4 Rh6 41. Nc5
Qe7 42. b7 Rb8 43. d6 Qd8 44. Na6 c3 45. Qxc3 g4 46. d7 Kh7 47. Nxb8 gxf3 48.
Qxf3 Bh5 49. Qe4+ Bg6 50. Qd4 Bh5 51. Nc6 1-0

[Event "TCh-GEO Club 2016"]
[Site "Lagodekhi GEO"]
[Date "2016.09.28"]
[Round "7.3"]
[Board "5"]
[White "Karelidze, Vakhtang"]
[Black "Bortnyk, Olexandr"]
[Result "0-1"]
[BlackTitle "GM"]
[WhiteElo "1942"]
[BlackElo "2588"]
[WhiteTeam "Shida kartli - Gori"]
[BlackTeam "Kvemo Kartli - Rustavi"]
[WhiteFideId "13613219"]
[BlackFideId "14120828"]
[EventDate "2016.09.22"]

1. e4 g6 2. d4 Bg7 3. g3 d5 4. e5 c5 5. c3 Nc6 6. Bg2 Bf5 7. Ne2 cxd4 8. cxd4 f6
9. exf6 Nxf6 10. Nbc3 O-O 11. O-O Qd7 12. Bg5 Ne4 13. Nxe4 Bxe4 14. f3 Bf5 15.
g4 Be6 16. Qd2 Bf7 17. Bh6 Bxh6 18. Qxh6 e5 19. dxe5 Nxe5 20. h3 Qb5 21. Ng3
Qxb2 22. f4 Nc4 23. f5 Qg7 24. Qg5 h6 25. Qf4 g5 26. Qf2 Qf6 27. Rad1 Rad8 28.
Rd4 Rfe8 29. Rfd1 Ne3 30. R1d3 Nxg2 31. Kxg2 Rc8 32. Nh5 Qe5 33. f6 Qe2 34. Ng7
Rc2 35. Rd2 Qxf2+ 36. Kxf2 Rec8 37. Nf5 Kh7 38. Nd6 Rxd2+ 39. Rxd2 Rc7 40. Re2
Rc6 41. Re7 Rxd6 42. Rxf7+ Kg6 43. Rxb7 Rxf6+ 44. Ke3 Ra6 45. Kd4 Rxa2 46. Kxd5
h5 47. Rc7 Ra5+ 48. Ke4 Ra4+ 49. Kf3 Ra3+ 50. Kg2 h4 51. Rc6+ Kf7 52. Rc5 Kf6
53. Rc6+ Ke5 54. Rc5+ Kf4 55. Rf5+ Ke4 56. Rxg5 a5 57. Rc5 a4 58. g5 Kd4 59. Rf5
Rg3+ 60. Kh2 a3 61. Ra5 Kc4 62. g6 Kb3 63. Ra6 Kb4 64. Rf6 Ka5 65. Rf5+ Ka4 66.
Rf6 Kb4 67. Rf4+ Kb3 68. Rf6 Kb4 69. Rf4+ Kb5 70. Rf5+ Kb6 71. Rf6+ Kc5 72. Rf5+
Kd6 73. Ra5 Ke7 74. Ra4 Rb3 75. Rxh4 Rb2+ 76. Kg3 Rb3+ 77. Kh2 Kf6 78. Ra4 Kxg6
79. h4 Kf5 80. Kg2 Rc3 81. Kf2 Rh3 82. Ke2 a2 0-1

[Event "TCh-GEO Club 2016"]
[Site "Lagodekhi GEO"]
[Date "2016.09.28"]
[Round "7.3"]
[Board "6"]
[White "Shamatava, Ana"]
[Black "Koridze, Lile"]
[Result "1/2-1/2"]
[WhiteElo "2066"]
[BlackElo "1991"]
[WhiteTeam "Kvemo Kartli - Rustavi"]
[BlackTeam "Shida kartli - Gori"]
[WhiteFideId "13601008"]
[BlackFideId "13612514"]
[EventDate "2016.09.22"]

1. e4 c5 2. Nf3 d6 3. d4 cxd4 4. Qxd4 a6 5. c4 Nc6 6. Qe3 g6 7. Be2 Bg7 8. h3
Nf6 9. O-O Nd7 10. Nc3 O-O 11. Rd1 Qb6 12. Qf4 Nc5 13. Nd5 Qd8 14. Qe3 Be6 15.
Nh2 Rc8 16. Bg4 Ne5 17. Qe2 Bxd5 18. cxd5 Nxg4 19. Nxg4 h5 20. Nh2 Qd7 21. Bg5
Qa4 22. Re1 Rfe8 23. g4 hxg4 24. Nxg4 Kh7 25. Qf3 f6 26. Bf4 Qb5 27. Re2 Rh8 28.
Qe3 Qd3 29. Rc1 Qxe3 30. Rxe3 g5 31. Bh2 1/2-1/2

[Event "TCh-GEO Club 2016"]
[Site "Lagodekhi GEO"]
[Date "2016.09.28"]
[Round "7.4"]
[Board "1"]
[White "Baghdasaryan, Vahe"]
[Black "Tutisani, Noe"]
[Result "1-0"]
[WhiteTitle "IM"]
[WhiteElo "2492"]
[BlackElo "2375"]
[WhiteTeam "Samegrelo-Zemo Svaneti - Samegrelo"]
[BlackTeam "Imereti - Kutaisi"]
[WhiteFideId "13303139"]
[BlackFideId "13602853"]
[EventDate "2016.09.22"]

1. g3 d5 2. Nf3 Nf6 3. c4 c6 4. Bg2 g6 5. b3 Bg7 6. Bb2 O-O 7. O-O Bg4 8. d3
Bxf3 9. Bxf3 e6 10. cxd5 cxd5 11. e4 Nc6 12. Bg2 dxe4 13. dxe4 Qa5 14. Na3 Rfd8
15. Qe1 Nd7 16. Qxa5 Nxa5 17. Bxg7 Kxg7 18. Nb5 e5 19. Rac1 a6 20. Nd6 Nf6 21.
Rfd1 Ne8 22. Nxe8+ Rxe8 23. Rd7 Rad8 24. Rcc7 Rxd7 25. Rxd7 Rb8 26. Bf1 Kf8 27.
Rc7 h6 28. Rc5 Nc6 29. Bxa6 bxa6 30. Rxc6 a5 31. Ra6 Rb5 32. Kf1 Rc5 33. a4 Ke7
34. Rb6 f6 35. g4 Rc2 36. h4 Rc1+ 37. Kg2 Re1 38. Kf3 Rh1 39. Rb5 h5 40. g5 Rh3+
41. Kg2 Rxh4 42. Rb7+ Kf8 43. f3 fxg5 44. b4 g4 45. bxa5 gxf3+ 46. Kxf3 Rf4+ 47.
Ke3 Rf6 48. Rb6 Rf7 49. a6 1-0

[Event "TCh-GEO Club 2016"]
[Site "Lagodekhi GEO"]
[Date "2016.09.28"]
[Round "7.4"]
[Board "2"]
[White "Khapava, Nikoloz"]
[Black "Quparadze, Giga"]
[Result "0-1"]
[BlackTitle "IM"]
[WhiteElo "1622"]
[BlackElo "2482"]
[WhiteTeam "Imereti - Kutaisi"]
[BlackTeam "Samegrelo-Zemo Svaneti - Samegrelo"]
[WhiteFideId "13606956"]
[BlackFideId "13602250"]
[EventDate "2016.09.22"]

1. Nf3 Nf6 2. g3 b6 3. Bg2 Bb7 4. O-O c5 5. c3 g6 6. d4 Bg7 7. b3 O-O 8. Bb2 d5
9. Nbd2 Nbd7 10. Rc1 Rc8 11. e3 Re8 12. Qe2 Qc7 13. c4 dxc4 14. Qxc4 Bd5 15. Qd3
Qb7 16. Nh4 Bxg2 17. Nxg2 Red8 18. Qe2 h5 19. h4 Ng4 20. Qf3 Qb8 21. Ne4 cxd4
22. Bxd4 Bxd4 23. exd4 Ndf6 24. Nxf6+ Nxf6 25. Rcd1 Qd6 26. Nf4 Rc2 27. a4 Rdc8
28. Rd3 Kg7 29. Re1 Ng4 30. Re2 Qa3 31. Rxc2 Rxc2 32. Nh3 Qa1+ 33. Kg2 Rc1 34.
Qe2 Rh1 35. Nf4 Rh2+ 36. Kf3 Qh1+ 0-1

[Event "TCh-GEO Club 2016"]
[Site "Lagodekhi GEO"]
[Date "2016.09.28"]
[Round "7.4"]
[Board "3"]
[White "Morchiashvili, Bachana"]
[Black "Khvadagiani, Nika"]
[Result "1-0"]
[WhiteTitle "IM"]
[WhiteElo "2371"]
[BlackElo "2029"]
[WhiteTeam "Samegrelo-Zemo Svaneti - Samegrelo"]
[BlackTeam "Imereti - Kutaisi"]
[WhiteFideId "13602535"]
[BlackFideId "13611453"]
[EventDate "2016.09.22"]

1. d4 Nf6 2. Nf3 e6 3. c4 b6 4. e3 Bb7 5. Nc3 d5 6. cxd5 exd5 7. Bd3 Bd6 8. O-O
O-O 9. b3 Nbd7 10. Bb2 c5 11. Qe2 cxd4 12. Nb5 Nc5 13. Nxd6 Qxd6 14. Nxd4 Nxd3
15. Qxd3 Ng4 16. Nf3 f6 17. Qd4 Qe6 18. Rac1 Rac8 19. h3 Nh6 20. Qa4 a6 21. Nd4
Qe4 22. Qd7 Rb8 23. Rc7 Rf7 24. Qd6 Qe5 25. Rd7 Rxd7 26. Qxd7 Qe8 27. Qd6 b5 28.
Ne6 Rc8 29. Nxg7 Qf8 30. Qxf6 Qxf6 31. Bxf6 Kf7 32. Bd4 Rc2 33. g4 Rxa2 34. Rc1
Kg6 35. Rc7 Ba8 36. Nh5 1-0

[Event "TCh-GEO Club 2016"]
[Site "Lagodekhi GEO"]
[Date "2016.09.28"]
[Round "7.4"]
[Board "4"]
[White "Arabidze, Meri"]
[Black "Lomineishvili, Maia"]
[Result "1/2-1/2"]
[WhiteTitle "IM"]
[BlackTitle "IM"]
[WhiteElo "2374"]
[BlackElo "2321"]
[WhiteTeam "Imereti - Kutaisi"]
[BlackTeam "Samegrelo-Zemo Svaneti - Samegrelo"]
[WhiteFideId "13604040"]
[BlackFideId "13600656"]
[EventDate "2016.09.22"]

1. Nf3 Nf6 2. c4 g6 3. g3 Bg7 4. Bg2 O-O 5. O-O c5 6. d4 d6 7. Nc3 cxd4 8. Nxd4
Nc6 9. Nc2 Be6 10. b3 Qd7 11. Rb1 Bh3 12. Bb2 Rfc8 13. Qd2 Bxg2 14. Kxg2 a6 15.
a4 Na5 16. Ba1 b5 17. axb5 axb5 18. Nxb5 Qb7+ 19. Kg1 d5 20. Bxf6 Bxf6 21. Ne3
dxc4 22. bxc4 Nxc4 23. Nxc4 Rxc4 24. Nd6 Rd4 25. Qxd4 Qxb1 26. Rxb1 Bxd4 27. Nb5
Ra1 28. Rxa1 Bxa1 29. Na3 Kg7 30. Kg2 h5 1/2-1/2

[Event "TCh-GEO Club 2016"]
[Site "Lagodekhi GEO"]
[Date "2016.09.28"]
[Round "7.4"]
[Board "5"]
[White "Ghvamberia, Nika"]
[Black "Kokaia, Guram"]
[Result "1/2-1/2"]
[WhiteElo "2297"]
[BlackElo "2101"]
[WhiteTeam "Samegrelo-Zemo Svaneti - Samegrelo"]
[BlackTeam "Imereti - Kutaisi"]
[WhiteFideId "13602128"]
[BlackFideId "13609599"]
[EventDate "2016.09.22"]

1. e4 c5 2. Nf3 d6 3. d4 cxd4 4. Nxd4 Nf6 5. Nc3 g6 6. Be3 Bg7 7. f3 O-O 8. Qd2
Nc6 9. Bc4 Bd7 10. O-O-O Rc8 11. Bb3 Ne5 12. Kb1 Re8 13. h4 h5 14. Bh6 Nc4 15.
Bxc4 Rxc4 16. Bxg7 Kxg7 17. g4 hxg4 18. h5 Rh8 19. hxg6 fxg6 20. f4 Rc5 21. e5
dxe5 22. Nb3 Rxh1 23. Rxh1 Rxc3 24. bxc3 e4 25. Qd4 Qc7 26. Rf1 b6 27. Nd2 Qc5
28. Re1 Bf5 29. Nf1 Qc7 30. Ne3 Qxf4 31. Rf1 Qg5 32. Qe5 Kf7 33. Nxf5 gxf5 34.
Rxf5 Qe3 35. Rf1 g3 36. Qd5+ Kg6 37. Qf5+ Kg7 38. Qe6 Qc5 39. Qh3 Qxc3 40. Rg1
Qb4+ 41. Kc1 Qa3+ 42. Kb1 Qb4+ 1/2-1/2

[Event "TCh-GEO Club 2016"]
[Site "Lagodekhi GEO"]
[Date "2016.09.28"]
[Round "7.4"]
[Board "6"]
[White "Jalaghonia, Nino"]
[Black "Gaboyan, Susanna"]
[Result "1/2-1/2"]
[WhiteTitle "WFM"]
[WhiteElo "1902"]
[BlackElo "2126"]
[WhiteTeam "Imereti - Kutaisi"]
[BlackTeam "Samegrelo-Zemo Svaneti - Samegrelo"]
[WhiteFideId "13605895"]
[BlackFideId "13303627"]
[EventDate "2016.09.22"]

1. e4 Nc6 2. Nf3 d6 3. d4 Bg4 4. Be2 e5 5. d5 Nce7 6. h3 Bxf3 7. Bxf3 Nf6 8. c4
g6 9. Bg5 Bg7 10. Qd2 O-O 11. Nc3 Nd7 12. g4 f6 13. Bh6 g5 14. Bxg7 Kxg7 15. h4
Ng6 16. h5 Nf4 17. O-O a5 18. b3 Nc5 19. Rab1 Qd7 20. Bd1 Ra6 21. f3 Rfa8 22. a3
Qd8 23. b4 axb4 24. axb4 Nd7 25. Bb3 Qb8 26. Kh1 Qa7 27. Qc2 Qe3 28. Nb5 Rc8 29.
Rbd1 Raa8 30. Rde1 Qd3 31. Rf2 Qxc2 32. Bxc2 Ra2 33. Nc3 Rb2 34. Rb1 Nd3 35. Rd2
Rxb1+ 36. Bxb1 Nxb4 37. Rb2 Na6 38. Rxb7 Ra8 39. Nb5 Nac5 40. Nxc7 Nxb7 41. Nxa8
Na5 42. Bd3 Kf7 43. Nc7 Nc5 44. Be2 Ke7 45. Kg2 Kd7 46. Nb5 Na4 47. Na3 Nc5 48.
Kf2 Nab3 49. Ke1 Nd4 1/2-1/2